000 00811nam a2200205 a 4500
003 0
005 20250205140754.0
008 130829s19uu xx 00 eng d
050 _aPGS GV 711
_b.C352 2013
100 _aCastillo, Ashton Tyler A.
245 _aKinds of sports and physical fitness of grade 6 students of Southville International School and Colleges /
_cAshton Tyler A. Castillo.
260 _aLas PiƱas City, Philippines :
_bSouthville International School and Colleges,
_c2013.
300 _a31 p. :
_bill. ;
_c28 cm.
504 _aIncludes bibliographical references.
650 _aPhysical education and training
_vElementary schools.
650 _aPhysical fitness in children.
650 _aSports for children.
650 _aSchool sports
_vPsychological aspects.
942 _2lcc
_cPASS
999 _c99020
_d99020